000 00554nam a22001817a 4500
005 20251108165023.0
008 250721s1968 xx 000 0 ara d
082 1 4 _a541/اسل
100 1 _aإسلام، أحمد مدحت
245 1 0 _aمبادئ الكيمياء الطبيعية /
264 1 _aالقاهره :
_bدار المعارف،
_c1968.
300 _a398ص.
650 1 7 _aالكيمياء الفيزيائية
650 1 7 _aالكيمياء النظرية
700 1 _aحسن، السيد علي
942 _2ddc
_cBK
999 _c20067
_d20067